| 000 | 00353nam a2200145Ia 4500 | ||
|---|---|---|---|
| 008 | 230312s9999||||xx |||||||||||||| ||und|| | ||
| 020 | _a8131712915 | ||
| 082 |
_a005.133 _bSED-A |
||
| 100 | _aSchildt,Herbert | ||
| 245 | 0 | _aC# 3.0 A Beginners Guide | |
| 260 |
_bPearson _aIndia _c1998 |
||
| 300 | _a702 | ||
| 650 |
_aComputer _vProgramming |
||
| 942 | _cBK | ||
| 999 |
_c15932 _d15932 |
||